Recursos naturales en Centroamérica, hoy. Volumen II

保存先:
書誌詳細
団体著者: CSUCA. Programa Centroamericano de Desarrollo Científico y Tecnológico
フォーマット: 不明
出版事項: San José: CSUCA
タグ: タグ追加
タグなし, このレコードへの初めてのタグを付けませんか!

MARC

LEADER 00000 a2200000 04500
001 14793
003
008 991231s d
040 |a CRAI/IIS  |c CRAI/IIS 
090 |a 017815  
110 |a CSUCA. Programa Centroamericano de Desarrollo Científico y Tecnológico  
245 |a Recursos naturales en Centroamérica, hoy. Volumen II  
260 |a San José:   |b CSUCA  
300 |a 140 p  
999 |c 17735  |d 17735